Online
Catalog

El camilismo y la revolución dominicana / (Record no. 2821)

MARC details
000 -CABECERA
campo de control de longitud fija 01591nam a2200265 a 4500
001 - NÚMERO DE CONTROL
campo de control 000002989
005 - FECHA Y HORA DE LA ÚLTIMA TRANSACCIÓN
campo de control 20260303083219.0
008 - DATOS DE LONGITUD FIJA--INFORMACIÓN GENERAL
campo de control de longitud fija 090706s19uu dr r 000 0 spa d
040 ## - FUENTE DE LA CATALOGACIÓN
Centro catalogador/agencia de origen DO-SdBNP
Lengua de catalogación spa
Centro/agencia transcriptor BNPHU
082 ## - NÚMERO DE LA CLASIFICACIÓN DECIMAL DEWEY
Número de clasificación 322.42
Número de documento/Ítem J61c
100 1# - ENTRADA PRINCIPAL--NOMBRE DE PERSONA
Nombre de persona Jimenes Grullón, Juan Isidro,
Fechas asociadas al nombre 1903-1983
9 (RLIN) 2482
245 13 - MENCIÓN DE TÍTULO
Título El camilismo y la revolución dominicana /
Mención de responsabilidad, etc. Juan Isidro Jimenes Grullón.
260 ## - PUBLICACIÓN, DISTRIBUCIÓN, ETC.
Lugar de publicación, distribución, etc. [s. l. :
Nombre del editor, distribuidor, etc. s. n. ,
Fecha de publicación, distribución, etc. 19--?].
300 ## - DESCRIPCIÓN FÍSICA
Extensión 169 p. ;
Dimensiones 20 cm.
504 ## - NOTA DE BIBLIOGRAFÍA, ETC.
Nota de bibliografía, etc. Bibliografía : p. 167-168
505 0# - NOTA DE CONTENIDO CON FORMATO
Información miscelánea Primera parte.
Título Introducción --
-- El "Camilismo" : un anacronismo revolucionario --
-- La teoría político- económico-social --
-- La táctica política --
-- El "Camilismo" continental --
-- El encuentro de cristianismo comprometidos --
Información miscelánea Segunda parte.
Título El camilismo dominicano --
-- Convergencias con Camilo Torres --
-- Democracia, liberalismo y capitalismo --
-- Reformismo y socialismo --
-- Posturas antimarxistas --
-- Aciertos y desaciertos --
-- El partidismo y los movimientos populares --
-- Teoría y práctica --
-- Dirección y vanguardias --
-- Los tipos de vanguardia --
-- Contradicciones y eclecticismo --
-- Metas del movimiento --
-- Organización y tácticas.
590 ## - NOTA LOCAL (RLIN)
Nota local Inventariado, 2018/BT
600 14 - PUNTO DE ACCESO ADICIONAL DE MATERIA--NOMBRE DE PERSONA
Nombre de persona TORRES, CAMILO,
Fechas asociadas al nombre 1929-1965
Subdivisión general PENSAMIENTO POLÍTICO Y SOCIAL
9 (RLIN) 9486
650 #4 - PUNTO DE ACCESO ADICIONAL DE MATERIA--TÉRMINO DE MATERIA
Término de materia o nombre geográfico como elemento de entrada Movimientos revolucionarios
9 (RLIN) 1376
650 #0 - PUNTO DE ACCESO ADICIONAL DE MATERIA--TÉRMINO DE MATERIA
Término de materia o nombre geográfico como elemento de entrada Democracia cristiana
9 (RLIN) 9487
650 #4 - PUNTO DE ACCESO ADICIONAL DE MATERIA--TÉRMINO DE MATERIA
Término de materia o nombre geográfico como elemento de entrada Marxismo y cristianismo
9 (RLIN) 9488
651 #4 - PUNTO DE ACCESO ADICIONAL DE MATERIA--NOMBRE GEOGRÁFICO
Nombre geográfico Colombia
Subdivisión general Historia
Subdivisión cronológica SIGLO XX
9 (RLIN) 9489
651 #4 - PUNTO DE ACCESO ADICIONAL DE MATERIA--NOMBRE GEOGRÁFICO
Nombre geográfico República Dominicana
Subdivisión general Historia
Subdivisión cronológica SIGLO XX
9 (RLIN) 9490
910 ## - DATOS DE OPCIÓN DEL USUARIO (OCLC)
Datos de opción del usuario Validado. Control de calidad. MMOLINA
Holdings
Estado de retiro Estado de pérdida No para préstamo Código de colección Localización permanente Ubicación/localización actual Ubicación en estantería Fecha de adquisición Número de inventario Total de préstamos Signatura topográfica completa Código de barras Fecha visto por última vez Precio válido a partir de Tipo de ítem Koha Nota pública
    Excluido de préstamo Patrimonio Dominicano Patrimonio Dominicano Patrimonio Dominicano Depósito 06.07.2009 LF1   322.42 J61c 2989-10 25.06.2020 25.06.2020 Libro y Folleto Colección Patrimonio Dominicano Autografiado por el autor para la Biblioteca Nacional

Powered by Koha